Normal view
MARC view
Entry Personal Name
001 - CONTROL NUMBER
- control field: 8425
003 - CONTROL NUMBER IDENTIFIER
- control field: dpl
005 - DATE AND TIME OF LATEST TRANSACTION
- control field: 20100807123741.0
008 - FIXED-LENGTH DATA ELEMENTS
- fixed length control field: 100807|||a|||||| | ||| d
040 ## - CATALOGING SOURCE
- Original cataloging agency: dpl
- Transcribing agency: dpl
100 ## - HEADING--PERSONAL NAME
- Personal name: Swaranalatha, R.
670 ## - SOURCE DATA FOUND
- Source citation: Work cat.: (dpl)39770: Swaranalatha, R., Economic development and tourism industry in Rajasthan /, 2008
670 ## - SOURCE DATA FOUND
- Source citation: Work cat.: (dpl)39770: Swaranalatha, R., Economic development and tourism industry in Rajasthan /, 2008
